000 01331naa a22003257a 4500
001 BR8104643
003 BR-BrBNA
005 20250716171010.0
007 ta
008 250630b bl.|||m| |||| 00| 0 por d
040 _aBR-BrBNA
_bpor
_cBiblioteca Nacional de Agricultura
041 _a(Pt)
072 _aH50
_b1540
_b3866
_bG514
090 _aH50 BR8104643
100 1 _aSantos, Z.G. dos
100 1 _aTupinamba, E.A.
111 1 _a1. Congresso Brasileiro de Mandioca
_cSalvador, BA (Brazil)
_d25 Nov 1980
245 1 _aDeficiencia de manganes em mandioca (Manihot esculenta Crantz)no estado de Sergipe [deficiencia mineral, clorose, Brasil]
500 _aAnais do 1. Congresso Brasileiro de Mandioca, v. 1: Pesquisas agronomicas Cruz das Almas, BA (Brasil): 1981. p. 279-291 [Summaries (En, Pt); 21 ref.] (BR8104643-AMS)
773 0 _tAnais do 1. Congresso Brasileiro de Mandioca, v. 1: Pesquisas agronomicas
_wH50 BR8104643
_gCruz das Almas, BA (Brasil), 1981. p. 279-291
650 _aMANDIOCA
650 _aMANGANES
650 _aCLOROSE
650 _aDEFICIENCIA MINERAL
650 _aFOLHA
650 _aSERGIPE
490 _aDocumentos - Empresa Brasileira de Pesquisa Agropecuaria. Depto. de Informacao e Documentacao (Brazil)
_vno. 18
942 _cAMS
_2AGRIS
909 _a202506
_bLúcia
_c55
_dLúcia Elande
999 _c333749
_d333749